• 首页
  • 本馆介绍
  • 公告通知
  • 最新文献
  • 馆藏检索
  • 电子资源
  • 读者导购
  • 参考咨询
  • 我的图书馆
  • 登录
  • 详细信息显示
  • 放入我的书架
  • 预约/预借图书
  • 作者相关作品
  • 分类相关作品
  • 丛书相关作品
  • 出版社相关作品

书目信息

  • 表格格式
  • 工作单格式
  • 卡片格式
题名:
多面形的欧拉定理和闭曲面的拓扑分类
    
 
作者: 江泽涵 著
分册:  
出版信息: 北京   人民教育出版社  1964
页数: 43页
开本: 19cm
丛书名: 数学小丛书
单 册:
中图分类: O1-51
科图分类:
主题词: 数学 , 拓扑--普及读物
电子资源:
ISBN:
000 00715nam2 2200253 45
001 0179001785
005 20060802085552.07
010    @dCNY0.14
100    @a19950725e19791964em y0chiy0121 ea
101 0  @achi
102    @aCN@b110000
105    @ay z 000yy
200 10 @a多面形的欧拉定理和闭曲面的拓扑分类@Aduo mian xing de ou la ding li he bi qu mian de tuo pu fen lei@f江泽涵著
210    @a北京@c人民教育出版社@d1964@h1979重印
215    @a43页@d19cm
225 2  @a数学小丛书
410  0 @120010@a数学小丛书
606 0  @a数学
606    @a拓扑@x普及读物
610 0  @a欧拉定理@a闭曲面拓扑分类
690    @aO1-51
701  0 @a江泽涵@Ajiang ze han@4著
801  0 @aCN@bNLC@c20060802
905    @dO1-51@e16
    
    多面形的欧拉定理和闭曲面的拓扑分类/江泽涵著.-北京:人民教育出版社,1964(1979重印)
    43页;19cm.-(数学小丛书)
    
    
    ISBN :CNY0.14
    
●
相关链接 在E读中查询图书 在五车中查询图书 在当当中查询图书 在豆瓣中查询图书


正题名:多面形的欧拉定理和闭曲面的拓扑分类     索取号:O1-51/16         预约/预借

序号 登录号 条形码 馆藏地/架位号 状态 备注
1 0008661   001234391   第二样本阅览室/ [索取号:O1-51/16] 在馆    
2 0430345   204303459   密集书库/ [索取号:O1-51/16] 在馆    
3 0430346   204303468   密集书库/ [索取号:O1-51/16] 在馆    
4 0430347   204303477   密集书库/ [索取号:O1-51/16] 在馆    
5 0430580   204305803   密集书库/ [索取号:O1-51/16] 在馆    
6 0431138   204311388   密集书库/ [索取号:O1-51/16] 在馆    
7 0431139   204311397   密集书库/ [索取号:O1-51/16] 在馆    
8 0431140   204311404   密集书库/ [索取号:O1-51/16] 在馆    
9 0431928   204319282   密集书库/ [索取号:O1-51/16] 在馆    
10 0434426   204344263   密集书库/ [索取号:O1-51/16] 在馆    
11 0441676   204416765   密集书库/ [索取号:O1-51/16] 在馆    
12 0441677   204416774   密集书库/ [索取号:O1-51/16] 在馆    
13 0441678   204416783   密集书库/ [索取号:O1-51/16] 在馆    
14 0441679   204416792   密集书库/ [索取号:O1-51/16] 在馆    
15 0441680   204416809   密集书库/ [索取号:O1-51/16] 在馆    
16 0441681   204416818   密集书库/ [索取号:O1-51/16] 在馆    
17 0441682   204416827   密集书库/ [索取号:O1-51/16] 在馆    
18 0441683   204416836   密集书库/ [索取号:O1-51/16] 在馆    
19 0441684   204416845   密集书库/ [索取号:O1-51/16] 在馆    
20 0441685   204416854   密集书库/ [索取号:O1-51/16] 在馆    
唐山师范学院图书馆 欢迎您!
大连网信软件有限公司© 版权所有